Statistics for Capitals with Alphabetically Consecutive Letters

Click here to take the quiz!

General Stats

  • This quiz has been taken 318 times
    (92 since last reset)
  • The average score is 16 of 44

Answer Stats

Capital City% Correct
LM/STStockholm
70%
ABAbuja
69%
AB/ABAbu Dhabi
60%
TUTunis
58%
OPCopenhagen
57%
STAstana
52%
UVSuva
49%
AB/ABAddis Ababa
48%
ABKabul
48%
IJBeijing
46%
STAmsterdam
45%
DE/HINew Delhi
45%
RSAlgiers
43%
GHBaghdad
43%
STBucharest
42%
ABIslamabad
40%
STBudapest
39%
ABRabat
37%
STCastries
36%
LM/OPBelmopan
34%
HIWashington D.C.
34%
HIThimphu
33%
HIChișinău
31%
ABGaborone
31%
STKingston
30%
STKingstown
30%
NOSan Marino
30%
ABAshgabat
28%
DEBelgrade
28%
NOPorto-Novo
28%
OPSkopje
27%
RSWarsaw
27%
NONouakchott
25%
STPristina
25%
DEYaoun
25%
NOBuenos Aires
24%
ABMalabo
24%
NOPhnom Penh
24%
DEMontevideo
19%
NOHanoi
18%
ABMbabane
18%
DESri
Jayawardenepura
Kotte
18%
LMNgerulmud
7%
NOCotonou
6%

Score Distribution

Percentile by Number Answered

Percent of People with Each Score

Your Score History

You have not taken this quiz since the last reset